Fr. Conceicao Rodrigues College of Engineering

Uncertainity and Vagueness in Knowledge based Systems (Record no. 31365)

MARC details
000 -LEADER
fixed length control field 00327nam a2200133Ia 4500
082 ## - DEWEY DECIMAL CLASSIFICATION NUMBER
Classification number 6.3
Item number PAN
100 ## - MAIN ENTRY--PERSONAL NAME
Personal name Kruse/ Robert & others
245 ## - TITLE STATEMENT
Title Uncertainity and Vagueness in Knowledge based Systems
260 ## - PUBLICATION, DISTRIBUTION, ETC.
Name of publisher, distributor, etc. Springer-Verlag
Place of publication, distribution, etc. Berlin
Date of publication, distribution, etc. 1991
546 ## - LANGUAGE NOTE
Language note ENGLISH
654 ## - SUBJECT ADDED ENTRY--FACETED TOPICAL TERMS
Focus term Computer
942 ## - ADDED ENTRY ELEMENTS (KOHA)
Koha item type Reference Book
Holdings
Withdrawn status Lost status Damaged status Not for loan Collection Home library Current library Shelving location Date acquired Source of acquisition Cost, normal purchase price Total Checkouts Full call number Barcode Date last seen Cost, replacement price Price effective from Koha item type
        CRC Fr. Agnel's C.Rodrigues College of Engineering Fr. Agnel's C.Rodrigues College of Engineering   17/03/2023 global books 2166.48   6.3 PAN 7475 17/03/2023 2166.48 17/03/2023 Reference Book